• 首页
  • 本馆介绍
  • 公告通知
  • 最新文献
  • 馆藏检索
  • 电子资源
  • 读者导购
  • 参考咨询
  • 我的图书馆
  • 登录
  • 详细信息显示
  • 放入我的书架
  • 预约/预借图书
  • 作者相关作品
  • 分类相关作品
  • 丛书相关作品
  • 出版社相关作品

书目信息

  • 表格格式
  • 工作单格式
  • 卡片格式
题名:
学生集体主义的教育
    
 
作者: 魏茂峰 , 陈玙 编著
分册:  
出版信息: 合肥   安徽人民出版社  2012
页数: 216页
开本: 23cm
丛书名: 最新学校与教育系列丛书
单 册:
中图分类: G631.4
科图分类:
主题词: 集体主义教育--Ji Ti Zhu Yi Jiao Yu--中小学生
电子资源:
ISBN: 978-7-212-05130-3
000 00973nam 2200277 45
001 012001001004
005 20131025162028.0
010    @a978-7-212-05130-3@dCNY27.60
099    @aCAL 012014038229
100    @a20140408d2012 ekmy0chiy50 ea
101 0  @achi
102    @aCN@b340000
105    @ay z 000yy
106    @ar
200 1  @a学生集体主义的教育@AXue Sheng Ji Ti Zhu Yi De Jiao Yu@f魏茂峰, 陈玙编著
210    @a合肥@c安徽人民出版社@d2012@h2015重印
215    @a216页@d23cm
225 2  @a最新学校与教育系列丛书@Azui xin xue xiao yu jiao yu xi lie cong shu
330    @a本书内容包括集体主义教育理念的概述、原则、重要意义等,全书提供了许多可供参照的学生集体主义教育的相关案例。
410  0 @12001@a最新学校与教育系列丛书
606 0  @a集体主义教育@AJi Ti Zhu Yi Jiao Yu@x中小学生
690    @aG631.4@v5
701  0 @a魏茂峰@AWei Mao Feng@4编著
701  0 @a陈玙@AChen Yu@4编著
801  0 @aCN@b江苏凤凰@c20191020
905    @b1222172-5@dG631.4@e873@f4
    
    学生集体主义的教育/魏茂峰, 陈玙编著.-合肥:安徽人民出版社,2012(2015重印)
    216页;23cm.-(最新学校与教育系列丛书)
    
    
    ISBN 978-7-212-05130-3:CNY27.60
    本书内容包括集体主义教育理念的概述、原则、重要意义等,全书提供了许多可供参照的学生集体主义教育的相关案例。
●
相关链接 在E读中查询图书 在五车中查询图书 在当当中查询图书 在豆瓣中查询图书


正题名:学生集体主义的教育     索取号:G631.4/873         预约/预借

序号 登录号 条形码 馆藏地/架位号 状态 备注
1 1222172   212221727   第一样本阅览室/ [索取号:G631.4/873] 在馆    
2 1222173   212221736   教育系资料室/ [索取号:G631.4/873] 在馆    
3 1222174   212221745   教育系资料室/ [索取号:G631.4/873] 在馆    
4 1222175   212221754   第四借阅区/ [索取号:G631.4/873] 在馆    
唐山师范学院图书馆 欢迎您!
大连网信软件有限公司© 版权所有